[Event "Rodovremesterskabet Gruppe C 2006"]
[Site "Rodovre"]
[Date "2006.09.05"]
[Round "1"]
[White "Rugaard, Michael R"]
[Black "Gemzoe, Bjorn"]
[Result "1/2-1/2"]
[WhiteElo "1343"]
[BlackElo "1374"]
[PlyCount "42"]
[EventDate "2006.??.??"]
[SourceDate "2005.11.09"]

1. e4 e6 2. Bb5 Ne7 3. Ne2 Ng6 4. d4 Be7 5. a3 Nh4 6. O-O O-O 7. b4 f5 8. exf5
exf5 9. Bb2 d5 10. Bd3 Bd6 11. f4 Nd7 12. c4 c6 13. Nbc3 Nf6 14. Qc2 Ng4 15.
Bc1 Bc7 16. Bd2 Qd6 17. Ng3 Qh6 18. cxd5 Nf3+ 19. Rxf3 Qxh2+ 20. Kf1 Qh4 21.
Kg1 1/2-1/2

[Event "Rodovremesterskabet Gruppe C 2006"]
[Site "Rodovre"]
[Date "2006.09.05"]
[Round "1"]
[White "Nielsen, Niels Peter Krogh"]
[Black "Jessen, Henrik"]
[Result "1-0"]
[WhiteElo "1461"]
[BlackElo "1400"]
[PlyCount "85"]
[EventDate "2006.??.??"]
[SourceDate "2005.11.09"]

1. Nf3 e6 2. g3 b6 3. Bg2 Bb7 4. O-O Bd6 5. d3 Na6 6. e4 Qe7 7. e5 Bc5 8. d4
Bb4 9. a3 Ba5 10. b4 Nxb4 11. axb4 Bxb4 12. Ba3 Bxa3 13. Nxa3 Nh6 14. Nb5 O-O
15. Nxc7 Rac8 16. Nb5 a5 17. Nd6 Rb8 18. Nxb7 Rxb7 19. Qd3 Rbb8 20. Rab1 Qd8
21. Nd2 d5 22. c4 Qd7 23. Rfc1 a4 24. cxd5 exd5 25. Qb5 Qxb5 26. Rxb5 g6 27.
Bxd5 Nf5 28. Nf3 Rfd8 29. Ra1 Rxd5 30. Rxd5 b5 31. Kf1 Kf8 32. Ke2 Ke7 33. Kd3
Ke6 34. Rc5 Ne7 35. Ng5+ Kd7 36. Nxf7 Nc6 37. Nd6 Nb4+ 38. Kc3 Na6 39. Rxb5
Rxb5 40. Nxb5 Kc6 41. Kc4 Nc7 42. Nxc7 Kxc7 43. Rxa4 1-0

[Event "Rodovremesterskabet Gruppe C 2006"]
[Site "Rodovre"]
[Date "2006.09.05"]
[Round "1"]
[White "Roed, Jorgen"]
[Black "Lindberg, Ole"]
[Result "1/2-1/2"]
[WhiteElo "1366"]
[BlackElo "1248"]
[PlyCount "46"]
[EventDate "2006.??.??"]
[SourceDate "2005.11.09"]

1. d4 d5 2. c4 Nf6 3. Nc3 e6 4. Bg5 Be7 5. e3 a6 6. Nf3 O-O 7. Bd3 Nc6 8. a3
Nh5 9. Bxe7 Nxe7 10. Ne5 Nf6 11. O-O dxc4 12. Bxc4 b5 13. Bd3 Bb7 14. Qc2 Ned5
15. Rad1 Nxc3 16. bxc3 Qd5 17. f3 g6 18. c4 bxc4 19. Bxc4 Qd6 20. Qc3 Nd5 21.
Qd3 f6 22. Nxg6 hxg6 23. Qxg6+ Kh8 1/2-1/2

[Event "Rodovremesterskabet Gruppe C 2006"]
[Site "Rodovre"]
[Date "2006.09.05"]
[Round "1"]
[White "Foss, Kim"]
[Black "Hviid, Jens Carl"]
[Result "0-1"]
[WhiteElo "1293"]
[BlackElo "1356"]
[PlyCount "94"]
[EventDate "2006.??.??"]
[SourceDate "2005.11.09"]

1. e4 d6 2. d4 Nf6 3. Bd3 g6 4. Bg5 Nbd7 5. Nf3 Bg7 6. O-O O-O 7. e5 dxe5 8.
dxe5 Ne8 9. Re1 Nc5 10. Bc4 Qxd1 11. Rxd1 Be6 12. Bxe6 fxe6 13. Bxe7 Rxf3 14.
gxf3 Bxe5 15. c3 Nd6 16. Na3 Re8 17. Bxd6 Bxd6 18. Nc4 Be7 19. Rd2 b5 20. Ne5
Bd6 21. Nc6 a6 22. Re1 Rf8 23. Ne5 Rf5 24. Rde2 Na4 25. Ng4 Rxf3 26. Kg2 Rf4
27. Re4 Nxb2 28. Rxf4 Bxf4 29. Rxe6 Bd6 30. Ne3 Kf7 31. Re4 Na4 32. c4 Nc3 33.
Rh4 Kg7 34. cxb5 axb5 35. Rg4 Kf6 36. Rd4 Nxa2 37. Nd5+ Ke5 38. Rd2 Nb4 39. Nc3
c6 40. f4+ Ke6 41. Re2+ Kf5 42. Re4 Nd5 43. Nxd5 Kxe4 44. Nf6+ Kxf4 45. Nxh7 b4
46. Nf6 b3 47. Nh5+ gxh5 0-1

[Event "Rodovremesterskabet Gruppe C 2006"]
[Site "Rodovre"]
[Date "2006.09.05"]
[Round "1"]
[White "Thrane, Jens"]
[Black "Vestergaard, John"]
[Result "1/2-1/2"]
[WhiteElo "1460"]
[BlackElo "1362"]
[PlyCount "66"]
[EventDate "2006.??.??"]
[SourceDate "2005.11.09"]

1. d4 d5 2. c4 c6 3. Nc3 g6 4. f3 Nf6 5. e4 e6 6. e5 Nfd7 7. c5 a5 8. Na4 b6 9.
cxb6 Bb4+ 10. Nc3 Nxb6 11. a3 Be7 12. Be3 Bh4+ 13. g3 Bg5 14. f4 Be7 15. Bd3
Ba6 16. Nf3 Bxd3 17. Qxd3 Nc4 18. Bc1 O-O 19. Na4 Nd7 20. Nd2 Nxd2 21. Bxd2 Qb8
22. Rc1 Rc8 23. Be3 Qb7 24. Rc2 c5 25. O-O cxd4 26. Rxc8+ Rxc8 27. Bxd4 Nc5 28.
Qd1 Nxa4 29. Qxa4 Bc5 30. Rf2 Bxd4 31. Qxd4 Rc1+ 32. Kg2 Rc4 33. Qd3 a4 1/2-1/2

[Event "Rodovremesterskabet Gruppe C 2006"]
[Site "Rodovre"]
[Date "2006.09.05"]
[Round "1"]
[White "Pedersen, Morten Lemvig"]
[Black "Henriksen, Franz"]
[Result "1-0"]
[WhiteElo "1480"]
[BlackElo "1435"]
[PlyCount "133"]
[EventDate "2006.??.??"]
[SourceDate "2005.11.09"]

1. d4 g6 2. Nf3 c6 3. c4 Bg7 4. Nc3 Nf6 5. e3 d6 6. Bd3 O-O 7. O-O Re8 8. Qe2
e5 9. dxe5 dxe5 10. e4 Nh5 11. Rd1 Qc7 12. h3 Be6 13. Be3 Nd7 14. Rd2 Rad8 15.
Rad1 b6 16. b3 f5 17. Bg5 Nhf6 18. Bc2 h6 19. exf5 gxf5 20. Bh4 e4 21. Nd4 Nc5
22. Qe3 f4 23. Qe1 Bf7 24. Bxf6 Bxf6 25. Nxe4 Nxe4 26. Bxe4 c5 27. Nb5 Qb8 28.
Rxd8 Rxd8 29. Rxd8+ Qxd8 30. Nxa7 Kg7 31. Nb5 Qe7 32. Qb1 Be8 33. Na3 Be5 34.
Nc2 Bd7 35. Ne1 Kf8 36. Qd3 Qg7 37. Bf5 Bd4 38. Bxd7 Qxd7 39. Kf1 Kg7 40. Nf3
Qd6 41. Nh4 Qf6 42. Nf3 Qd6 43. Qe4 Bf6 44. Qd5 Qc7 45. Nd2 Qe7 46. Ne4 Be5 47.
Qc6 Qd8 48. Qd5 Qe7 49. Nd2 Bc3 50. Nf3 Bf6 51. Qf5 Qd6 52. Qg4+ Kh7 53. Qf5+
Kg7 54. Qc2 Qe6 55. a3 Qd6 56. Qd2 Qe7 57. Qxf4 Qd7 58. Qg4+ Qxg4 59. hxg4 Kg6
60. Nd2 Kg5 61. Ne4+ Kg6 62. Nxf6 Kxf6 63. f4 Ke6 64. Ke2 Kf6 65. Ke3 Ke6 66.
Ke4 Kf6 67. Kd5 1-0

[Event "Rodovremesterskabet Gruppe C 2006"]
[Site "Rodovre"]
[Date "2006.09.05"]
[Round "1"]
[White "Jonsson, John"]
[Black "Hansen, Ernst Mader"]
[Result "0-1"]
[WhiteElo "1251"]
[BlackElo "1438"]
[PlyCount "56"]
[EventDate "2006.??.??"]
[SourceDate "2005.11.09"]

1. d4 Nf6 2. Nf3 g6 3. c4 Bg7 4. Nc3 d5 5. e3 O-O 6. h3 c6 7. Bd3 Re8 8. O-O
Nbd7 9. Re1 a6 10. Bd2 e5 11. dxe5 Nxe5 12. Nxe5 Rxe5 13. Rc1 Ne4 14. Bf1 Nxd2
15. Qxd2 Be6 16. Rcd1 Qa5 17. b3 dxc4 18. bxc4 b5 19. cxb5 axb5 20. f4 Rh5 21.
Rc1 b4 22. Ne4 Rd5 23. Qc2 Qxa2 24. Qxc6 Rda5 25. Rc2 Qa3 26. Rec1 Qxe3+ 27.
Kh1 Bc3 28. Ng5 Ra1 0-1

[Event "Rodovremesterskabet Gruppe C 2006"]
[Site "Rodovre"]
[Date "2006.09.12"]
[Round "2"]
[White "Henriksen, Franz"]
[Black "Rugaard, Michael R"]
[Result "0-1"]
[WhiteElo "1435"]
[BlackElo "1343"]
[PlyCount "82"]
[EventDate "2006.??.??"]
[SourceDate "2005.11.09"]

1. d4 e6 2. Nf3 Nf6 3. Bf4 Nc6 4. Nbd2 Be7 5. e4 d6 6. Bb5 a6 7. Ba4 b5 8. Bb3
Bb7 9. c3 Na5 10. Bc2 Nc4 11. Nxc4 bxc4 12. Ba4+ c6 13. O-O O-O 14. Re1 Nd7 15.
Bc2 f6 16. Qe2 Nb6 17. Nd2 e5 18. Be3 d5 19. Rad1 Qc7 20. a4 a5 21. dxe5 fxe5
22. Bxb6 Qxb6 23. exd5 cxd5 24. Rf1 e4 25. Kh1 Bc5 26. b3 Bxf2 27. bxc4 e3 28.
Nf3 Qf6 29. cxd5 Qxc3 30. Rd3 Qc5 31. Bb3 Qd6 32. Rfd1 Ba6 33. Ng5 Rae8 34. Ne6
Rf7 35. Rc1 Rb7 36. Rc6 Bxd3 37. Qxd3 Qb4 38. Rc3 e2 39. Qxe2 Qxc3 40. Bd1 Rb1
41. g3 Qb3 0-1

[Event "Rodovremesterskabet Gruppe C 2006"]
[Site "Rodovre"]
[Date "2006.09.12"]
[Round "2"]
[White "Lindberg, Ole"]
[Black "Thrane, Jens"]
[Result "0-1"]
[WhiteElo "1248"]
[BlackElo "1460"]
[PlyCount "106"]
[EventDate "2006.??.??"]
[SourceDate "2005.11.09"]

1. e4 c5 2. Bc4 Nc6 3. Nf3 e6 4. d3 Na5 5. Bb5 a6 6. Ba4 b5 7. Bb3 d5 8. exd5
exd5 9. a3 Ra7 10. O-O Nxb3 11. cxb3 Be7 12. Ne5 Qd6 13. Re1 Be6 14. Bf4 Qb6
15. Nf3 Nf6 16. b4 cxb4 17. Nd4 Bc5 18. Nxe6 Bxf2+ 19. Kf1 fxe6 20. Re2 Ng4 21.
Qc2 O-O 22. g3 e5 23. Bxe5 Bxg3+ 24. Kg2 Bf2 25. d4 Ne3+ 26. Rxe3 Bxe3 27. Qb3
Rf2+ 28. Kh1 Rf1+ 29. Kg2 Raf7 30. Qxe3 Qg6+ 31. Bg3 Qe4+ 32. Qxe4 dxe4 33.
axb4 e3 34. Rxa6 Rxb1 35. Re6 Rxb2+ 36. Kh3 e2 37. Kg4 h6 38. d5 Rxb4+ 39. Kh3
Rb2 40. d6 Rd2 41. Re8+ Kh7 42. Re7 Kg6 43. Re6+ Rf6 44. Rxf6+ Kxf6 45. Bh4+
Ke6 46. Bg3 Rxd6 47. Kg2 Rd2 48. Be1 Rd1 49. Kf2 Rxe1 50. Kxe1 Kf5 51. Kxe2 Kg4
52. Kf2 Kh3 53. Kg1 b4 0-1

[Event "Rodovremesterskabet Gruppe C 2006"]
[Site "Rodovre"]
[Date "2006.09.12"]
[Round "2"]
[White "Hviid, Jens Carl"]
[Black "Vestergaard, John"]
[Result "1-0"]
[WhiteElo "1356"]
[BlackElo "1362"]
[PlyCount "81"]
[EventDate "2006.??.??"]
[SourceDate "2005.11.09"]

1. c4 c5 2. Nc3 Nf6 3. g3 d6 4. Bg2 e5 5. Qb3 Nc6 6. e3 Na5 7. Qc2 Nxc4 8. Nd5
Nb6 9. Nxf6+ Qxf6 10. Ne2 Rb8 11. a4 Na8 12. O-O Nc7 13. b3 Be7 14. Bb2 Bf5 15.
e4 Bg4 16. f3 Bh5 17. g4 Bg6 18. f4 Qh4 19. f5 Qxg4 20. fxg6 Qxe2 21. gxf7+ Kf8
22. Rae1 Qh5 23. Re3 Bf6 24. b4 b6 25. Rd3 Rd8 26. bxc5 bxc5 27. Ba3 Ne6 28.
Rxd6 Rxd6 29. Bxc5 Nxc5 30. Qxc5 Be7 31. Qb5 Rd8 32. d4 g6 33. dxe5 Kg7 34. Qb2
Rhf8 35. e6+ Kh6 36. Qb7 Qc5+ 37. Kh1 Qb6 38. Qxe7 Kg7 39. e5 Qd4 40. Qf6+ Kh6
41. e7 1-0

[Event "Rodovremesterskabet Gruppe C 2006"]
[Site "Rodovre"]
[Date "2006.09.12"]
[Round "2"]
[White "Gemzoe, Bjorn"]
[Black "Jonsson, John"]
[Result "1/2-1/2"]
[WhiteElo "1374"]
[BlackElo "1251"]
[PlyCount "83"]
[EventDate "2006.??.??"]
[SourceDate "2005.11.09"]

1. e3 e5 2. Ne2 d6 3. Ng3 Nf6 4. Be2 g6 5. d3 Bg7 6. Nd2 Nbd7 7. Nb3 O-O 8. O-O
Rb8 9. e4 c5 10. c4 Kh8 11. Bd2 Ng8 12. Qc1 Nb6 13. h4 f5 14. Bg5 Qe8 15. h5 h6
16. Bd2 f4 17. Nh1 g5 18. g4 Be6 19. f3 Qd7 20. Ba5 Nf6 21. Qd2 Nc8 22. Bc3 b6
23. a4 a5 24. Bd1 Ne7 25. Nc1 Nc6 26. Qh2 Bf7 27. Nf2 Be8 28. Nh3 Nh7 29. b3
Qe6 30. Ra2 Bd7 31. Nf2 Kg8 32. Be2 Nf6 33. Nd1 Bh8 34. Ra1 Ne7 35. Bb2 Nc6 36.
Nc3 Nd4 37. Nd5 Nxd5 38. cxd5 Qf6 39. Bxd4 exd4 40. Na2 Qe7 41. Bd1 Rfe8 42.
Qe2 1/2-1/2

[Event "Rodovremesterskabet Gruppe C 2006"]
[Site "Rodovre"]
[Date "2006.09.12"]
[Round "2"]
[White "Hansen, Ernst Mader"]
[Black "Pedersen, Morten Lemvig"]
[Result "1-0"]
[WhiteElo "1438"]
[BlackElo "1480"]
[PlyCount "89"]
[EventDate "2006.??.??"]
[SourceDate "2005.11.09"]

1. e4 e6 2. c4 d5 3. cxd5 exd5 4. exd5 Qxd5 5. Nc3 Qe6+ 6. Be2 Nf6 7. Nf3 Bd6
8. O-O O-O 9. d4 h6 10. Re1 Qe7 11. Bc4 Qd8 12. Qb3 Nc6 13. Ne5 Bxe5 14. dxe5
Nd4 15. Qd1 Nh7 16. Be3 Be6 17. Bxe6 Nxe6 18. Qb3 b6 19. f4 Re8 20. Rad1 Qc8
21. Nd5 c6 22. Nc3 Rd8 23. Ne4 Nc7 24. Nd6 Qe6 25. Qc2 c5 26. b3 Rd7 27. Bc1
Rad8 28. Qf2 f6 29. f5 Qe7 30. Qf4 fxe5 31. Qc4+ Kf8 32. f6 Nxf6 33. Nf5 Qe6
34. Rxd7 Rxd7 35. Qc2 Ncd5 36. Rf1 Nb4 37. Qe2 Nd3 38. Bd2 Kg8 39. h3 Rd8 40.
Rf3 Qd7 41. Nxh6+ gxh6 42. Rxf6 Qg7 43. Rxh6 Nf4 44. Bxf4 exf4 45. Qe6+ 1-0

[Event "Rodovremesterskabet Gruppe C 2006"]
[Site "Rodovre"]
[Date "2006.09.12"]
[Round "2"]
[White "Jessen, Henrik"]
[Black "Foss, Kim"]
[Result "0-1"]
[WhiteElo "1400"]
[BlackElo "1293"]
[PlyCount "130"]
[EventDate "2006.??.??"]
[SourceDate "2005.11.09"]

1. e4 e5 2. Nf3 d6 3. d3 f5 4. exf5 Bxf5 5. Be3 Be7 6. Nbd2 Nf6 7. Be2 Nbd7 8.
h3 c6 9. O-O O-O 10. c3 d5 11. b3 Qc7 12. Nh2 Rae8 13. Ng4 c5 14. Bg5 Nxg4 15.
Bxe7 Nxf2 16. Rxf2 Rxe7 17. Qf1 Ref7 18. Bf3 Be6 19. Qe2 Nf6 20. Raf1 Bf5 21.
g4 Be6 22. Re1 e4 23. dxe4 dxe4 24. Nxe4 Nxe4 25. Qxe4 Qg3+ 26. Rg2 Qxf3 27.
Qxf3 Rxf3 28. Rxe6 Kf7 29. Re5 Rxc3 30. Rf5+ Kg8 31. Rxf8+ Kxf8 32. Kh2 Re3 33.
Rd2 Ke7 34. Rc2 b6 35. Rd2 Re6 36. Kg3 Rd6 37. Rc2 Kd7 38. Rf2 Ke7 39. Rc2 Rd3+
40. Kh4 Rd4 41. Re2+ Kd7 42. Rf2 Kc6 43. Rf7 Rd7 44. Rf2 b5 45. g5 c4 46. Rc2
Kc5 47. Kh5 Kb4 48. bxc4 bxc4 49. g6 h6 50. Rf2 Rd5+ 51. Kg4 Rg5+ 52. Kf3 Rxg6
53. Ke2 Rf6 54. Rg2 g5 55. Kd2 Ra6 56. Kc1 Ra3 57. Rb2+ Ka5 58. Rc2 c3 59. Kd1
Kb4 60. Ke2 Ra5 61. Kd3 Rc5 62. Ke4 Rc4+ 63. Kf3 Rd4 64. Ke2 Rh4 65. a4 Rxh3
0-1

[Event "Rodovremesterskabet Gruppe C 2006"]
[Site "Rodovre"]
[Date "2006.09.28"]
[Round "2"]
[White "Roed, Jorgen"]
[Black "Nielsen, Niels Peter Krogh"]
[Result "0-1"]
[WhiteElo "1366"]
[BlackElo "1461"]
[PlyCount "54"]
[EventDate "2006.??.??"]
[SourceDate "2005.11.09"]

1. d4 Nf6 2. c4 d6 3. Nf3 g6 4. Nc3 Bg7 5. e4 Nbd7 6. Be2 O-O 7. O-O e5 8. Be3
c6 9. Qb3 Qe8 10. h3 exd4 11. Bxd4 Nxe4 12. Bxg7 Kxg7 13. Rfe1 Ndc5 14. Qc2
Nxc3 15. Qxc3+ Kg8 16. Rad1 Qe7 17. Bf1 Be6 18. Nd4 Rad8 19. Be2 Qc7 20. b4 Na4
21. Qc2 Nb6 22. h4 c5 23. Nxe6 fxe6 24. h5 Qf7 25. Bg4 e5 26. hxg6 Qxg6 27. Bf3
Qxc2 0-1

[Event "Rodovremesterskabet Gruppe C 2006"]
[Site "Rodovre"]
[Date "2006.09.19"]
[Round "3"]
[White "Gemzoe, Bjorn"]
[Black "Roed, Jorgen"]
[Result "1-0"]
[WhiteElo "1374"]
[BlackElo "1366"]
[PlyCount "99"]
[EventDate "2006.??.??"]
[SourceDate "2005.11.09"]

1. e3 g6 2. Ne2 Bg7 3. Ng3 c5 4. Be2 Nf6 5. d3 Nc6 6. Nd2 b6 7. c3 Bb7 8. f4 e6
9. Bf3 d5 10. O-O O-O 11. e4 dxe4 12. dxe4 Qc7 13. Nc4 Rad8 14. Qc2 Ne7 15. Be3
Ne8 16. Rad1 Nd6 17. Nxd6 Rxd6 18. Rxd6 Qxd6 19. Rd1 Qc7 20. Be2 Bh6 21. Qc1
Nc8 22. Bf3 Nd6 23. b3 Bg7 24. e5 Nf5 25. Nxf5 gxf5 26. Qd2 Bxf3 27. gxf3 Kh8
28. Qd7 Bxe5 29. fxe5 Qxe5 30. Kf2 Qxh2+ 31. Ke1 Qh1+ 32. Ke2 Qh2+ 33. Bf2 Qe5+
34. Kf1 h5 35. Qd6 Qg7 36. Ke2 Kh7 37. Rg1 Qh8 38. Be1 Rg8 39. Rxg8 Qxg8 40.
Qc7 Kg6 41. Bh4 Qg7 42. Kd2 Kh7 43. Qh2 f6 44. f4 Qd7+ 45. Kc2 Qf7 46. Qe2 Kg7
47. c4 Kh7 48. a3 Qb7 49. Qxh5+ Kg7 50. Bxf6+ 1-0

[Event "Rodovremesterskabet Gruppe C 2006"]
[Site "Rodovre"]
[Date "2006.??.??"]
[Round "3"]
[White "Jessen, Henrik"]
[Black "Henriksen, Franz"]
[Result "0-1"]
[WhiteElo "1400"]
[BlackElo "1435"]
[PlyCount "60"]
[EventDate "2006.??.??"]
[SourceDate "2005.11.09"]

1. e4 e5 2. Nf3 Nc6 3. d3 Nf6 4. g3 b6 5. Bg2 Bb7 6. O-O Qe7 7. c3 O-O-O 8. a4
d5 9. exd5 Nxd5 10. b4 e4 11. Nd4 Nxd4 12. cxd4 Nxb4 13. dxe4 Bxe4 14. Bxe4
Qxe4 15. Be3 Nc2 16. Nc3 Nxe3 17. Nxe4 Nxd1 18. Rfxd1 Bb4 19. Ng5 Rd7 20. d5 h6
21. Nf3 f6 22. Ne1 Rhd8 23. Nc2 Bc5 24. a5 Rxd5 25. Rxd5 Rxd5 26. axb6 Bxb6 27.
Kf1 Rd2 28. Nb4 Rxf2+ 29. Kg1 Ra2+ 30. Kh1 Rxa1+ 0-1

[Event "Rodovremesterskabet Gruppe C 2006"]
[Site "Rodovre"]
[Date "2006.??.??"]
[Round "3"]
[White "Pedersen, Morten Lemvig"]
[Black "Rugaard, Michael R"]
[Result "0-1"]
[WhiteElo "1480"]
[BlackElo "1343"]
[PlyCount "96"]
[EventDate "2006.??.??"]
[SourceDate "2005.11.09"]

1. d4 e6 2. Nf3 Nf6 3. c4 b6 4. Nc3 Bb7 5. e3 Bb4 6. Bd2 d5 7. Rc1 Nbd7 8. Be2
O-O 9. O-O Rb8 10. Nb5 Bxd2 11. Nxd2 a6 12. Nc3 Kh8 13. Bf3 c6 14. Rc2 Ne8 15.
g3 f5 16. Ne2 Qe7 17. Bg2 Nef6 18. Nb3 a5 19. Qd3 Ba6 20. Nd2 Ne4 21. Bxe4 fxe4
22. Qc3 Ra8 23. Kg2 b5 24. cxb5 Bxb5 25. Nb3 Qb4 26. Rfc1 Qxc3 27. Nxc3 Bd3 28.
Rd2 a4 29. Na1 Rfb8 30. b3 axb3 31. Nxb3 Bc4 32. Rb1 e5 33. Rdb2 Bd3 34. Rd1
exd4 35. exd4 Nb6 36. Nc5 Kg8 37. Nxd3 exd3 38. Rxd3 Nc4 39. Rxb8+ Rxb8 40. Nd1
Kf7 41. Ne3 Ke6 42. Rb3 Ra8 43. Rc3 Ra4 44. Nxc4 dxc4 45. Rc2 Kd5 46. Kf3 Ra3+
47. Ke2 Kxd4 48. h4 c3 0-1

[Event "Rodovremesterskabet Gruppe C 2006"]
[Site "Rodovre"]
[Date "2006.09.19"]
[Round "3"]
[White "Vestergaard, John"]
[Black "Foss, Kim"]
[Result "0-1"]
[WhiteElo "1362"]
[BlackElo "1293"]
[PlyCount "56"]
[EventDate "2006.??.??"]
[SourceDate "2005.11.09"]

1. d4 d5 2. c4 e5 3. dxe5 d4 4. a3 a5 5. e3 Nc6 6. exd4 Qxd4 7. Qe2 Qxe5 8.
Qxe5+ Nxe5 9. Be2 Bf5 10. Bf4 Nd3+ 11. Bxd3 Bxd3 12. Bxc7 Bxc4 13. Nd2 Bd3 14.
Ngf3 Ra6 15. Nd4 Nf6 16. Rc1 Be7 17. Rc3 Bg6 18. O-O Nd5 19. Rcc1 O-O 20. Rfe1
Bf6 21. Be5 Bg5 22. N4f3 Bd8 23. Rc5 Ne7 24. Bc7 Nc6 25. Bxd8 Rxd8 26. Rb5 b6
27. Rc1 Na7 28. Rc7 Nxb5 0-1

[Event "Rodovremesterskabet Gruppe C 2006"]
[Site "Rodovre"]
[Date "2006.09.19"]
[Round "3"]
[White "Hansen, Ernst Mader"]
[Black "Hviid, Jens Carl"]
[Result "1/2-1/2"]
[WhiteElo "1438"]
[BlackElo "1356"]
[PlyCount "107"]
[EventDate "2006.??.??"]
[SourceDate "2005.11.09"]

1. c4 Nf6 2. Nc3 d5 3. g3 dxc4 4. Qa4+ c6 5. Qxc4 Nbd7 6. Bg2 Nb6 7. Qb3 Be6 8.
Qc2 Bg4 9. Nf3 e6 10. Ne5 Bf5 11. d3 Bd6 12. Nxc6 Qc7 13. Nb5 Qd7 14. Nbxa7 O-O
15. Nb5 bxc6 16. Bxc6 Qd8 17. Bxa8 Nxa8 18. Nxd6 Qxd6 19. Be3 Bh3 20. Bc5 Qc6
21. O-O-O Rc8 22. b4 Nb6 23. Kb2 Nfd5 24. a3 Na4+ 25. Ka1 Nxb4 26. axb4 Bg2 27.
Rhg1 Nxc5 28. bxc5 Bd5 29. Kb1 Rb8+ 30. Kc1 Bb3 31. Qc3 Bxd1 32. Rxd1 Rc8 33.
d4 Qg2 34. Qf3 Qh3 35. Qb7 Rf8 36. c6 Qxh2 37. c7 Qxf2 38. Qb8 Qe3+ 39. Kc2
Qxe2+ 40. Rd2 Qc4+ 41. Kb2 Qa6 42. Rc2 Qc8 43. Qb4 f6 44. Rc6 Kf7 45. Qc5 Qb7+
46. Kc3 Rc8 47. Qd6 Kg6 48. d5 exd5 49. Qxd5 Rxc7 50. Qe4+ Kf7 51. Qe6+ Kg6 52.
Qe4+ Kf7 53. Qe6+ Kg6 54. Qe4+ 1/2-1/2

[Event "Rodovremesterskabet Gruppe C 2006"]
[Site "Rodovre"]
[Date "2006.09.28"]
[Round "3"]
[White "Jonsson, John"]
[Black "Lindberg, Ole"]
[Result "1-0"]
[WhiteElo "1251"]
[BlackElo "1248"]
[PlyCount "53"]
[EventDate "2006.??.??"]
[SourceDate "2005.11.09"]

1. e4 e5 2. Nf3 Nc6 3. Bb5 d6 4. c3 Nf6 5. d3 Be7 6. h3 Bd7 7. O-O a6 8. Ba4
Qc8 9. Nh2 b5 10. Bb3 O-O 11. Bg5 Be6 12. Nd2 d5 13. Bxf6 Bxf6 14. exd5 Bf5 15.
dxc6 Bxd3 16. Re1 Rd8 17. Nhf3 Bf5 18. Nxe5 Bxe5 19. Rxe5 Bg6 20. Qe1 Rb8 21.
Nf3 h6 22. Nd4 Kh8 23. Qe3 Rf8 24. Re1 f6 25. Re7 Qd8 26. Rd7 Qc8 27. Qg3 1-0

[Event "Rodovremesterskabet Gruppe C 2006"]
[Site "Rodovre"]
[Date "2006.09.19"]
[Round "3"]
[White "Thrane, Jens"]
[Black "Nielsen, Niels Peter Krogh"]
[Result "0-1"]
[WhiteElo "1460"]
[BlackElo "1461"]
[PlyCount "170"]
[EventDate "2006.??.??"]
[SourceDate "2005.11.09"]

1. d4 Nf6 2. c4 d6 3. Nc3 g6 4. e4 Bg7 5. f3 O-O 6. Nge2 c5 7. d5 Ne8 8. Be3 f5
9. exf5 Bxf5 10. Ng3 e6 11. Nxf5 exf5 12. Qd2 Qe7 13. Be2 Nd7 14. O-O-O a6 15.
h4 h5 16. g4 Ndf6 17. gxf5 gxf5 18. Rdg1 Kh8 19. Rg6 Kh7 20. Rhg1 Qf7 21. R6g3
Nd7 22. f4 Ndf6 23. R1g2 Bh6 24. Qd3 Ng7 25. Rxg7+ Bxg7 26. Qxf5+ Kh8 27. Rg6
Rae8 28. Bd2 Qd7 29. Qg5 Qe7 30. f5 Rf7 31. Bf3 Qe5 32. Ne2 Nh7 33. Qxh5 Qxb2+
34. Kd1 Qb1+ 35. Nc1 Qxf5 36. Rxg7 Kxg7 37. Qh6+ Kg8 38. Bh5 Rf6 39. Bxe8 Rxh6
40. Bxh6 Qg4+ 41. Ne2 Qxh4 42. Bf4 Qe7 43. Bg6 Qf6 44. Bd3 Ng5 45. Kd2 Nf3+ 46.
Ke3 Nd4 47. Ng3 b5 48. Ne4 Nf5+ 49. Kf3 Qd4 50. Nf2 Qc3 51. Kg4 Nd4 52. Bxd6
bxc4 53. Be4 Qe3 54. Bg3 c3 55. d6 c2 56. d7 Ne6 57. Bxc2 Qd4+ 58. Ne4 Kg7 59.
Bd6 Nd8 60. Kf5 Qd5+ 61. Be5+ Kf8 62. Bb3 Qxd7+ 63. Kf6 Qe7+ 64. Kf5 Qh7+ 65.
Kf4 Qh4+ 66. Kf5 Qh5+ 67. Kf6 Qf3+ 68. Kg6 Qxe4+ 69. Kf6 Qc6+ 70. Kf5 c4 71.
Bc2 Qf3+ 72. Bf4 c3 73. Be4 Qf2 74. Bd5 c2 75. Kg4 Qxf4+ 76. Kxf4 c1=Q+ 77. Ke4
Ke7 78. Bb3 Kf6 79. Kd4 Nc6+ 80. Kd3 Ke5 81. Ke2 Qc3 82. Kd1 Kd4 83. Ke2 Ne5
84. Kd1 Ke3 85. a4 Qd2# 0-1

[Event "Rodovremesterskabet Gruppe C 2006"]
[Site "Rodovre"]
[Date "2006.09.26"]
[Round "4"]
[White "Foss, Kim"]
[Black "Gemzoe, Bjorn"]
[Result "1-0"]
[WhiteElo "1293"]
[BlackElo "1374"]
[PlyCount "145"]
[EventDate "2006.??.??"]
[SourceDate "2005.11.09"]

1. b4 e6 2. Bb2 Ne7 3. c4 Ng6 4. Nf3 d6 5. e3 Nd7 6. Be2 f5 7. Nd4 Nf6 8. f4
Ne4 9. O-O Be7 10. d3 Nf6 11. Nc3 O-O 12. Qd2 c5 13. bxc5 dxc5 14. Nf3 b6 15.
Rad1 Bb7 16. Ng5 Qc8 17. Bf3 Bxf3 18. Nxf3 Rd8 19. Qe2 Qb7 20. Rfe1 h6 21. d4
Ne4 22. Nxe4 fxe4 23. Nd2 Rd7 24. Qg4 Nf8 25. d5 g5 26. fxg5 Bxg5 27. Nxe4 Nh7
28. Qxe6+ Rf7 29. Nd6 Qe7 30. Qxf7+ Qxf7 31. Nxf7 Kxf7 32. Rf1+ Kg6 33. Bc1 Re8
34. Rfe1 Re4 35. Re2 Rxc4 36. Bb2 Kf5 37. d6 Nf8 38. d7 Ne6 39. Rd5+ Ke4 40.
Rd6 Nd8 41. Kf2 Ra4 42. Bf6 Kf5 43. Bxg5 hxg5 44. Rh6 Rh4 45. e4+ Ke5 46. Rxh4
gxh4 47. Ke3 Kd6 48. Rd2+ Ke7 49. Kf4 Ne6+ 50. Ke5 Nd4 51. Rxd4 cxd4 52. Kxd4
Kxd7 53. g4 hxg3 54. hxg3 Ke6 55. g4 a5 56. g5 b5 57. Kc5 Kf7 58. Kxb5 Kg6 59.
Kxa5 Kxg5 60. Kb5 Kf4 61. a4 Kxe4 62. Kb6 Kd5 63. a5 Kd6 64. a6 Kd7 65. a7 Kc8
66. a8=Q+ Kd7 67. Qc6+ Ke7 68. Kc7 Kf7 69. Kd7 Kf8 70. Qf6+ Kg8 71. Ke6 Kh7 72.
Qg5 Kh8 73. Kf6 1-0

[Event "Rodovremesterskabet Gruppe C 2006"]
[Site "Rodovre"]
[Date "2006.09.26"]
[Round "4"]
[White "Henriksen, Franz"]
[Black "Lindberg, Ole"]
[Result "1-0"]
[WhiteElo "1435"]
[BlackElo "1248"]
[PlyCount "29"]
[EventDate "2006.??.??"]
[SourceDate "2005.11.09"]

1. f4 e6 2. Nf3 Nc6 3. e4 Bc5 4. Bb5 Nf6 5. d4 Bb6 6. Nc3 Ba5 7. O-O O-O 8. e5
Nd5 9. Nxd5 exd5 10. f5 a6 11. Bd3 d6 12. f6 g6 13. c3 Bg4 14. Qd2 Bxf3 15. Qh6
1-0

[Event "Rodovremesterskabet Gruppe C 2006"]
[Site "Rodovre"]
[Date "2006.09.26"]
[Round "4"]
[White "Jonsson, John"]
[Black "Roed, Jorgen"]
[Result "0-1"]
[WhiteElo "1251"]
[BlackElo "1366"]
[PlyCount "71"]
[EventDate "2006.??.??"]
[SourceDate "2005.11.09"]

1. e4 c5 2. Nf3 d6 3. c3 Nf6 4. d3 Nc6 5. Be2 g6 6. O-O Bg7 7. h3 O-O 8. Be3 a6
9. a4 Be6 10. Nbd2 b6 11. Nh2 d5 12. f3 Qc7 13. Bf2 Rfd8 14. Qe1 Nh5 15. exd5
Rxd5 16. Ne4 Be5 17. Ng4 Bxg4 18. fxg4 Nf4 19. Rd1 Rad8 20. Be3 Nxd3 21. Bxd3
Rxd3 22. Rxd3 Rxd3 23. Qf2 Nd8 24. Ng5 Bf6 25. Ne4 Qe5 26. Nxf6+ exf6 27. Bf4
Qe6 28. Re1 Qd7 29. Qe2 Ne6 30. Bh2 Rd2 31. Qf3 Kg7 32. Bg3 Ng5 33. Qf4 Rxb2
34. Rf1 Qe6 35. Re1 Qa2 36. -- 0-1

[Event "Rodovremesterskabet Gruppe C 2006"]
[Site "Rodovre"]
[Date "2006.09.26"]
[Round "4"]
[White "Rugaard, Michael R"]
[Black "Hviid, Jens Carl"]
[Result "1-0"]
[WhiteElo "1343"]
[BlackElo "1356"]
[PlyCount "97"]
[EventDate "2006.??.??"]
[SourceDate "2005.11.09"]

1. e4 d6 2. Bc4 Nf6 3. Nc3 Nc6 4. Nge2 g6 5. O-O Bg7 6. a3 O-O 7. Rb1 e5 8. d3
a6 9. Bg5 Ne7 10. Nd5 Nexd5 11. Bxd5 c6 12. Ba2 Qe7 13. f4 Be6 14. c4 Qc7 15.
f5 Qb6+ 16. Kh1 Ng4 17. Qe1 f6 18. Bd2 gxf5 19. Rxf5 d5 20. Rf1 dxc4 21. dxc4
c5 22. Nc3 f5 23. Nd5 Qd8 24. h3 Bxd5 25. cxd5 Nf6 26. Rxf5 Qd6 27. Bc3 Nd7 28.
Qf2 Rf6 29. Rf1 Raf8 30. Qg3 Rg6 31. Qe1 Rgf6 32. b4 b6 33. Qe2 Rxf5 34. Rxf5
Rxf5 35. exf5 b5 36. bxc5 Qxc5 37. Bb4 Qc1+ 38. Qe1 Qc2 39. Qb1 Qxb1+ 40. Bxb1
Nb6 41. g4 Bf8 42. d6 Kf7 43. Ba2+ Ke8 44. Be6 Bg7 45. g5 h5 46. f6 Bf8 47. g6
Nd7 48. Bxd7+ Kxd7 49. g7 1-0